1226 1028 1478 1629 1531 1636 1813 1153 1999 1241 1719 1740 1300 1938 1773 1255 1945 1774 1647 1696 1198 1669 1002 1605 1769 1052 1963 1984 1692 1771 1868 1464 1309 1234 1641 1134 1261 1850 1626 1263 1300 1881 1107 1525 1786 1264 1320 1465 1967 1586 1628 1447 1523 1152 1752 1542 1732 1315 1287 1639 1134 1726 1632 1084 1890 1205 1390 1407 1949 1061 1975 1753 1025 1546 1907 1385 1088 1496 1301 1318 1251 1709 1175 1555 1676 1825 1219 1357 1644 1558 1087 1591 1054 1897 1668 1547 1738 1560 1373 BCNSPRNW ULIB Ver.6.0+V

เปลี่ยนเป็นภาษาไทย

Change to English
 แสดงรายละเอียดบรรณานุกรม
  กลับหน้าหลัก

Brief Record : Get Marc (ISO 2709) : E-mail record : QR code < ปิดหน้าต่าง
LEADER : 00000nam 2200000uu 4500
001    13399122972
003     ULIB
008    131118s2556||||th 000 0 tha d
020    ^a978160608263
090    ^aนว.^bถ315ป
100 0  ^aถังอิน
245 00 ^aแรกพบจรดใจรัก/^cผู้เขียน ถังอิน แปลโดย Honey Toast
250    ^aพิมพ์ครั้งที่ 2
260    ^aกรุงเทพฯ:^bแจ่มใส, 2556
300    ^a234 หน้า
945    ^p159^l0^i034165
999    ^aเกษร โพธิ์สุวรรณ
รายการนี้ยังไม่มีแท็ก
คุณยังไม่ได้ล็อกอิน คุณสามารถมีกิจกรรมร่วมกับเว็บไซต์ได้ แต่ต้องล็อกอินก่อน ::
  ล็อกอิน

รายการสื่อสารสนเทศ

ลำดับที่ ประเภท เลขเรียก/บาร์โค้ด สถานที่ สถานะ
1. นวนิยาย
นวนิยาย
นว. ถ315ป  
  Barcode: 034165
ห้องสมุดวิทยาเขตสวรรค์ประชารักษ์
►นวนิยาย
บนชั้น
  ขอยืม
Note:อ.จุฑารัตน์ สว่างชัย บริจาค

BibComment


ยังไม่เคยถูกคอมเมนท์

คอมเมนท์ทรัพยากรรายการนี้
  คอมเมนท์: แรกพบจรดใจรัก ผู..


 Copyright 2026. Bcnsprnw @Library